قرنگ کا قیدی / (Record no. 194447)

MARC details
000 -LEADER
fixed length control field 00606nam a22001937a 4500
005 - DATE AND TIME OF LATEST TRANSACTION
control field 20221220145348.0
010 ## - LCCN (DPL NO)
LC control number UR-11818
020 ## - INTERNATIONAL STANDARD BOOK NUMBER
International Standard Book Number 9789354915093
Terms of availability 230.00
035 ## - SYSTEM CONTROL NUMBER
System control number U-10373
037 ## - SOURCE OF ACQUISITION
Source of stock number/acquisition DBAD/PUB
082 ## - DEWEY DECIMAL CLASSIFICATION NUMBER
Classification number ن
100 ## - MAIN ENTRY--PERSONAL NAME
Personal name نثار احمد
245 ## - TITLE STATEMENT
Title قرنگ کا قیدی /
Statement of responsibility, etc نثار احمد
Remainder of title ا ر د و
246 ## - VARYING FORM OF TITLE
Title proper/short title Firang Ka Kaidi /
Remainder of title by Nisar Ahmed
260 ## - PUBLICATION, DISTRIBUTION, ETC. (IMPRINT)
Place of publication, distribution, etc New Delhi
Name of publisher, distributor, etc National Book Trust
Date of publication, distribution, etc 2022 ء
270 ## - ADDRESS
Address 5, Nehru Bhawan, Institutional Area 2 Vasant Kunj
City New Delhi
Postal code 110070
300 ## - PHYSICAL DESCRIPTION
Extent 140 ص
Dimensions 22cm(pbk)
942 ## - ADDED ENTRY ELEMENTS (KOHA)
Source of classification or shelving scheme Dewey Decimal Classification
Item type Urdu Bks
Classification part ن
Call number suffix ن ث ا
Edition
Holdings
Withdrawn status Lost status Not for loan Collection code Home library Current library Date acquired Source of acquisition Cost, normal purchase price Full call number Barcode Copy number Cost, replacement price Koha item type
      Non-fiction Central Library Central Library 20/12/2022 DBAD/PUB 230.00 ن ن ث ا U-10373 1 230.00 Urdu Bks

© Delhi Public Library
Hit Counter
free hit counter